| 000 | 00645nam a2200193 i 4500 | ||
|---|---|---|---|
| 001 | 183374 | ||
| 003 | ES-MaACL | ||
| 005 | 20250815070151.0 | ||
| 008 | 140409s1911 it | |||| ||ita d | ||
| 100 | 1 |
_aVico, Giambattista. _9141132 |
|
| 245 | 1 | 2 |
_aL'Autobiografia ; Il carteggio e le poesie varie / _cGiambattista Vico ; a cura di Benedetto Croce. |
| 260 |
_aBari : _bGius. Laterza & Figli, _c1911. |
||
| 300 |
_a354 p. ; _c21 cm. |
||
| 490 | 1 |
_aScrittori d'Italia ; _v11 |
|
| 700 | 1 |
_aCroce, Benedetto, _d1866-1952 _9241508 |
|
| 830 | 0 | 0 |
_aScrittori d'Italia _v11 _9191925 |
| 852 | _aES-MaACL | ||
| 999 |
_c183374 _d183374 |
||